000 01133nam a2200325 i 4500
001 11232
003 KOSZ 005
005 20240405063006.0
008 071115s1968 pl a |000 0 pol
015 _aPB 1968/8825
035 _a(OCoLC)830913403
040 _aWA N
_cWA N
_dKOSZ 005/HR
046 _k1968
080 _a 351.811.122(438)
245 0 0 _aKodeks drogowy /
_c[akty prawne zebr. i oprac. Wiesława Bukowicka-Szóstakowska].
250 _aWyd. 7 wg. stanu prawnego na dzień 1 IX 1968.
260 _aWarszawa :
_bWydawnictwo Prawnicze,
_c1968.
300 _a348, [1] s., [4] k. tabl. :
_bil. ;
_c18 cm.
380 _aKsiążki.
388 _a1901-2000
_a1945-1989
650 4 _aPrawo o ruchu drogowym
658 _aPrawo i wymiar sprawiedliwości
648 4 _a1901-2000
651 4 _aPolska
648 4 _a1945-1989
700 1 _aBukowicka-Szóstakowska, Wiesława.
_eOpracowanie
710 2 _aWydawnictwo Prawnicze
_4pbl.
856 _uhttp://koha.tu.koszalin.pl/cgi-bin/koha/opac-detail.pl?biblionumber=11232
_yKatalog online BPK
942 _2UKD
_cKA
999 _c11232
_d11232